000 00414nam a2200181Ia 4500
001 24088
005 20260414151020.0
008 260414t2015||||xx |||||||||||||| ||spa||
041 _aESP
082 _a770.9856
_bR73
100 _aRodrich Portugal, Rodrigo
_eAUT
245 0 _aAyaviri
_b
260 _c2015
300 _a87 páginas :
_c29 cm.
650 _aABD
654 _aCAU
942 _cLIB
_dJUS
_fJUS
_2ddc
_n
999 _c24088
_d24088